<?xml version="1.0" encoding="UTF-8"?>
<marc:record xmlns:marc="http://www.loc.gov/MARC21/slim">
   <marc:leader>00000nam a2200000 a 4500</marc:leader>
   <marc:datafield ind1="1" ind2=" " tag="100">
      <marc:subfield code="a">Schweiger, Franziska</marc:subfield>
      <marc:subfield code="4">ctb</marc:subfield>
      <marc:subfield code="e">Mitwirkende/-r</marc:subfield>
   </marc:datafield>
   <marc:datafield ind1="1" ind2=" " tag="100">
      <marc:subfield code="a">Schütz, Anke</marc:subfield>
      <marc:subfield code="4">ctb</marc:subfield>
      <marc:subfield code="e">Mitwirkende/-r</marc:subfield>
   </marc:datafield>
   <marc:datafield ind1=" " ind2=" " tag="653">
      <marc:subfield code="a">kuchen rezepte glutenunverträglichkeit backrezepte</marc:subfield>
   </marc:datafield>
   <marc:datafield ind1=" " ind2=" " tag="653">
      <marc:subfield code="a">glutenfreies brot ernährung mehl glutenfreier kuchen</marc:subfield>
   </marc:datafield>
   <marc:datafield ind1=" " ind2=" " tag="653">
      <marc:subfield code="a">glutenfrei ernähren zöliakie</marc:subfield>
   </marc:datafield>
   <marc:datafield ind1=" " ind2=" " tag="653">
      <marc:subfield code="a">ohne gluten geburtstagskuchen torten schokokuchen</marc:subfield>
   </marc:datafield>
   <marc:datafield ind1=" " ind2=" " tag="653">
      <marc:subfield code="a">glutenfreie brötchen plätzchen</marc:subfield>
   </marc:datafield>
   <marc:datafield ind1=" " ind2=" " tag="653">
      <marc:subfield code="a">Softcover / Ratgeber/Essen</marc:subfield>
   </marc:datafield>
   <marc:datafield ind1=" " ind2=" " tag="653">
      <marc:subfield code="a">Trinken/Backen</marc:subfield>
   </marc:datafield>
   <marc:datafield ind1=" " ind2=" " tag="653">
      <marc:subfield code="a">Kochbuch</marc:subfield>
   </marc:datafield>
   <marc:datafield ind1="0" ind2="0" tag="245">
      <marc:subfield code="a">Happy baking glutenfrei</marc:subfield>
   </marc:datafield>
   <marc:datafield ind1="0" ind2="0" tag="245">
      <marc:subfield code="b">von Brot bis Brownies: unwiderstehliche Rezepte ohne Weizen und Co.</marc:subfield>
   </marc:datafield>
   <marc:datafield ind1="0" ind2="0" tag="245">
      <marc:subfield code="c">Franziska Schweiger. Fotos: Anke  Schütz</marc:subfield>
   </marc:datafield>
   <marc:datafield ind1=" " ind2="1" tag="264">
      <marc:subfield code="a">München</marc:subfield>
      <marc:subfield code="b">Gräfe und Unzer</marc:subfield>
      <marc:subfield code="c">2015</marc:subfield>
   </marc:datafield>
   <marc:datafield ind1="1" ind2=" " tag="520">
      <marc:subfield code="a">Angaben aus der Verlagsmeldung

Happy baking glutenfrei : Von Brot bis Brownies: unwiderstehliche Rezepte ohne Weizen und Co. / von Franziska Schweiger

Glutensensitiv und auf Kuchen verzichten? Das muss nicht sein! Denn auch glutenfrei kann man die herrlichsten Torten, Plätzchen, Brote und Kuchen aus dem Ofen zaubern. Vorausgesetzt, man hat Erfahrung mit glutenfreiem Backen - und die hat Franziska Schweiger, Autorin von Happy Baking glutenfrei, nun wirklich! Die junge Konditorin hat selbst Betroffene in der Familie und kennt sich bestens aus mit Getreide-Alternativen wie Reis, Hirse, Amaranth, Buchweizen und Kastanien. Ihre glutenfreien Blaubeer-Minz-Muffins, Mandel-Orangen-Küsse oder Butternusskürbis-Brote sind so verführerisch, dass jeder ein Stück davon haben möchte - ganz gleich, ob er Gluten verträgt oder nicht. Denn (süßer) Genuss hängt nicht von der Mehlsorte ab, sondern von der Liebe und Fantasie, die beim Backen nun mal die wichtigsten Zutaten sind. Wenn Franzis glutenfreie Sachertorte oder ihr Kokos-Hefe-Gugelhupf auf der Kaffeetafel steht, ist schon nach dem ersten Bissen klar: Glutenfrei Backen ist ganz schön lecker!
</marc:subfield>
   </marc:datafield>
   <marc:datafield ind1=" " ind2=" " tag="020">
      <marc:subfield code="a">9783833844720</marc:subfield>
      <marc:subfield code="9">9783833844720</marc:subfield>
   </marc:datafield>
   <marc:datafield ind1=" " ind2=" " tag="020">
      <marc:subfield code="a">3833844728</marc:subfield>
      <marc:subfield code="9">3833844728</marc:subfield>
   </marc:datafield>
   <marc:datafield ind1=" " ind2=" " tag="041">
      <marc:subfield code="a">ger</marc:subfield>
   </marc:datafield>
   <marc:datafield ind1=" " ind2=" " tag="300">
      <marc:subfield code="a">128 S.</marc:subfield>
   </marc:datafield>
</marc:record>
